000 00462nam a22001337a 4500
082 _a616.89
_bSAD
100 _aSadock, Benjamin J.; Ahmad, Samoon; Sadock, Virginia A.
_9114136
245 _aKaplan & Sadock's Pocket Handbook of Clinical Psychiatry /
_cBenjamin J. Sadock; Samoon Ahmad; Virginia A. Sadock
250 _a6th Edition.
260 _aPhiladelphia :
_bWolters Kluwer,
_c2019.
300 _a466 p. ;
_bill,
_c24 cm.
563 _aPBK.
942 _2ddc
_cBK
999 _c595529
_d595529